000 00554nam a2200181Ia 4500
008 090630s9999 xx 000 0 und d
082 _b10452
100 _aकाशीकर एस. एम.
245 _aदिशाभूल.
_cकाशीकर एस. एम.
260 _bसुरज.
_c1988
300 _a216
600 _aकाशीकर एस. एम.
630 _aदिशाभूल.
655 _aकादंबरी.
700 _aकाशीकर एस. एम.
730 _aदिशाभूल.
942 _cBOOK
999 _c262308
_d262308